Statistics for UK Steam Locomotive Wheel Arrangements

Click here to take the quiz!

General Stats

  • This quiz has been taken 193 times
    (186 since last reset)
  • The average score is 11 of 15

Answer Stats

Loco ClassWheel Arrangment% Correct
LNER A44-6-2
92%
LMS 3F 'Jinty'0-6-0
91%
LMS 8F2-8-0
81%
GWR 45xx2-6-2
79%
CR 264 Class0-4-0
76%
'Midland Compound'4-4-0
74%
SR N154-6-0
74%
BR 9F2-10-0
73%
LNER Q60-8-0
72%
BR 4MT Tank2-6-4
71%
GWR 72xx2-8-2
67%
L&Y Class 52-4-2
64%
L&M 'Rocket'0-2-2
62%
L&M 'Lion'0-4-2
62%
GWR 56xx0-6-2
62%

Score Distribution

Percentile by Number Answered

Percent of People with Each Score

Your Score History

You have not taken this quiz since the last reset